| 000 | 00970nam a2200277 u 4500 | ||
|---|---|---|---|
| 001 | 66418 | ||
| 005 | 20221207100052.0 | ||
| 008 | 161021s1993 mx r 000 0 spa d | ||
| 020 | _a9682318661 | ||
| 041 | _aspa | ||
| 082 | 0 |
_a711.4 _bMAS |
|
| 100 | 1 |
_aMassiah, Gustave, _eautor _92982 |
|
| 245 | 1 | 0 |
_aCiudades en desarrollo : _bensayo sobre las políticas urbanas en el tercer mundo / _cpor Gustave Massiah y Jean-Francois Tribillon. |
| 250 | _aPrimera edición | ||
| 264 | 1 |
_aMéxico : _bSiglo XXI Editores, _c1993 |
|
| 300 |
_a310 páginas ; _c21 cm. |
||
| 336 |
_atexto _2rdacontent |
||
| 337 |
_asin mediación _2rdamedia |
||
| 338 |
_avolumen _2rdacarrier |
||
| 490 | 0 | _aArquitectura y urbanismo | |
| 650 | 4 |
_aCiudades y pueblos _xPlaneación |
|
| 650 | 4 | _aUrbanismo | |
| 700 | 1 |
_aTribillon, Jean-François, _eautor |
|
| 700 | 1 |
_aMur Ubasart, Martín, _etraductor |
|
| 740 | 0 | _avilles en développement essai sur les politiques urbaines dans le tiers monde | |
| 999 |
_c66418 _d66418 |
||